000 00538nam a2200193Ia 4500
001 14891
003 GE_BSU
008 181216s||||||||xx |||||||||||||| ||und||
040 _cGE_BSU
100 _aБарбашин,Е.А.
245 _aВведение в теорию устоичивости
245 _cРед.И.М.Овчинникова
260 _aМосква
260 _bНаука
260 _c1967
300 _a223стр.20см.
653 _aВведение в теорию устоичивости
942 _cBK
999 _c48011
_d48011